000 00605nam a2200241 a 4500
001 nice12345678
003 IN_TiNIC
005 20260116012713.0
008 050524s1987 dela grp 000 0 eng
020 _a8170245
_c150
082 0 0 _a303.623
_bGHO
100 _aGhosh, S K
245 _aCommunal Riots in India (meet the Challenge Unitedly)
260 _aDelhi
_bAshish Publishing House
_c1987
300 _a230p
500 _aincludes index and biblioraphy
505 2 _aIndex
650 _aRiots-India
700 1 _aGhosh, S K
902 _bSRS
942 _cBK
999 _c8026
_d8026